Winston Churchill

Salvato in:
Dettagli Bibliografici
Autore principale: Kersaudy, Francois (Autore)
Natura: Libro
Lingua:spagnolo
Pubblicazione: Buenos Aires ILHSA 2006
Edizione:1a. ed
Soggetti:
Tags: Aggiungi Tag
Nessun Tag, puoi essere il primo ad aggiungerne!!

MARC

LEADER 00000nam a2200000 a 4500
001 UCJ9650
003 CL-VaPUC
008 070330e20060000AG |||||||||||||||||spa|d
020 |a 9500259389 
082 0 4 |a 923.1  |b KER  |2 21 
100 0 |a Kersaudy, Francois  |e author  |9 519637 
245 1 0 |a Winston Churchill 
250 |a 1a. ed 
300 |a 562 p 
942 |c BK 
945 |d 20070330 00:00:00  |a cmena 
260 |a Buenos Aires  |b ILHSA  |c 2006 
600 0 7 |a CHURCHILL, WINSTON S  |2 CL-VaPUC  |9 342458 
650 0 |a Biografías  |9 255210 
650 0 |a Políticos   |9 256302 
650 7 |a PRIMER MINISTRO INGLES  |2 CL-VaPUC  |9 519638 
583 |a last modification  |c 20070330 00:00:00  |k Rodrigo Vera 
999 |c 325070  |d 325068 
952 |0 0  |1 0  |4 0  |6 923_100000000000000_KER_2006  |7 0  |8 A  |9 405634  |a BIBHIS  |b BIBHIS  |d 2019-11-22  |i 4326814  |o 923.1 KER 2006  |p 4326814  |r 2025-01-20  |w 2019-11-22  |y BK  |k HIS